Alive to See It? II Quiz Stats

 Plays Quiz Updated Dec 12, 2017

Also try: Alive to See It?
Challenge
Share
Tweet
Embed
Score 0/20 Timer 04:00
2 Plays Today
Person & Event Y or N? % Correct
Was Ringo Starr alive to see the September 11th terrorist attacks????
82.4%
Was Galileo Galilei alive to see the unification of Italy????
78%
Was Nelson Mandela alive to see an African-American U.S. President????
77.7%
Was Napoleon Bonaparte alive to see the end of the War of 1812????
76.2%
Was Mohandas Gandhi alive to see the end of World War II????
74.1%
Was Teddy Roosevelt alive to see F.D. Roosevelt become President????
69.1%
Was Winston Churchill alive to see humans walk on the moon????
69%
Was Francisco Franco alive to see the Berlin airlift????
65.1%
Was Roald Dahl alive to see the publication of the Harry Potter novels????
65%
Pyotr Ilyich Tchaikovsky alive to see the invention of the phonograph????
63.2%
Person & Event Y or N? % Correct
Was Alfred Hitchcock alive to see the end of the Vietnam War????
60.7%
Was Emperor Hirohito alive to see the Space Shuttle program????
58.2%
Was Charles Darwin alive to see the start of the 20th Century????
58%
Was Paul von Hindenburg alive to see the Hindenburg disaster????
57.1%
Was King Henry VIII alive to see the founding of St. Augustine, FL????
55.5%
Was Yuri Gagarin alive to see the International Space Station????
53.8%
Was Erich Honecker alive to see German reunification????
52.6%
Was Queen Victoria alive to see the founding of AT&T????
50.4%
Was George Orwell alive to see the assassination of John F. Kennedy????
45.9%
Was Walter Mondale alive to see the election of Donald Trump????
41.4%

You're not logged in!

Compare scores with friends on all Sporcle quizzes.
OR
Log In

You Might Also Like...

Show Comments

Extras

Top Quizzes Today


Score Distribution

Your Account Isn't Verified!

In order to create a playlist on Sporcle, you need to verify the email address you used during registration. Go to your Sporcle Settings to finish the process.

Report this User

Report this user for behavior that violates our Community Guidelines.

Details: